000 00811nam a22002417a 4500
001 62789
003 BD-RjUL
005 20211209081125.0
008 170125r19971994nyua|||| |b|| 001 0 eng d
035 _a(BD-RjUL)62917
040 _aBD-RjUL
_beng
_cBD-RjUL
_dBD-RjUL
041 _aeng
082 _223
_a709.5409034
_bMIA 1997
100 _aMitter, Partha
_9186640
245 _aArt and nationalism in colonial India, 1850-1922 :
_boccidental orientations /
_cPartha Mitter
260 _aNew York :
_bCambridge University Press,
_c1994 [Reprinted 1997].
300 _axxix, 475 p. :
_bill. ;
_c25 cm.
504 _aInclude Bibliography and index.
650 _a Art, Indic
_y19th century.
_9186641
650 _aArt, Indic
_y20th century.
_9186642
650 _aArt -- history.
_9186643
942 _2ddc
_cBK
999 _c62789
_d62789